000 00800nam a2200253Ia 4500
003 OSt
005 20220923230935.0
006 a|||||r|||| 00| 0
007 ta
008 220922b |||||||| |||| 00| 0 hin d
024 _a316,818
037 _cTextual
040 _aARTS
_cARTS
_bhin
041 _2hin
_ahin
082 _aO152,1I80,11, L6
100 _aअग्रवाल, वासुदेवशरण
_9156285
245 0 _aपदमावत
246 _aPadamāvata
260 _aझांॅसी
_b साहित्य सदन
_c1976
300 _a952i`-
_ccm.
650 _aहिन्दी साहित्य
_9156264
942 _hO152,1I80,11, L6
_cTEXL
_2CC
999 _c388380
_d388380